末世預言綜覽 A survey of Bible prophecy {ch}/ (Record no. 20630)
[ view plain ]
| 000 -LEADER | |
|---|---|
| fixed length control field | 00756nam a2200181 4500 |
| 008 - FIXED-LENGTH DATA ELEMENTS--GENERAL INFORMATION | |
| fixed length control field | 40719s1988 - hka b 000 0 chi |
| 020 ## - INTERNATIONAL STANDARD BOOK NUMBER | |
| International Standard Book Number | 9622080642 |
| 090 ## - LOCALLY ASSIGNED LC-TYPE CALL NUMBER (OCLC); LOCAL CALL NUMBER (OCLC) | |
| Classification number (OCLC) (R) ; Classification number, CALL (RLIN) (NR) | BS647.2 |
| Local cutter number (OCLC) ; Book number/undivided call number, CALL (RLIN) | L96 |
| 100 1# - MAIN ENTRY--PERSONAL NAME | |
| Personal name | 陸維信 Ludwigson, R. |
| 245 12 - TITLE STATEMENT | |
| Title | 末世預言綜覽 A survey of Bible prophecy {ch}/ |
| Statement of responsibility, etc | [by]陸維信 R. Ludwigson. |
| 260 ## - PUBLICATION, DISTRIBUTION, ETC. (IMPRINT) | |
| Place of publication, distribution, etc | Hong Kong : |
| Name of publisher, distributor, etc | 天道书楼出版社 Tien dao Publishing House Ltd., |
| Date of publication, distribution, etc | c1988 |
| 300 ## - PHYSICAL DESCRIPTION | |
| Extent | 198 p. : |
| Other physical details | illus., maps. |
| 490 1# - SERIES STATEMENT | |
| Series statement | Contemporary evangelical perspectives |
| 500 ## - GENERAL NOTE | |
| General note | A revision of the author's Bible prophecy notes, first published in 1951. |
| 504 ## - BIBLIOGRAPHY, ETC. NOTE | |
| Bibliography, etc | Includes bibliographies. |
| 630 04 - SUBJECT ADDED ENTRY--UNIFORM TITLE | |
| Uniform title | 聖經研究叢書Bible |
| General subdivision | Prophecies {ch}. |
| 951 ## - EQUIVALENCE OR CROSS-REFERENCE-GEOGRAPHIC NAME/AREA NAME [OBSOLETE] [CAN/MARC only] | |
| General subdivision | 00032308 |
| 951 ## - EQUIVALENCE OR CROSS-REFERENCE-GEOGRAPHIC NAME/AREA NAME [OBSOLETE] [CAN/MARC only] | |
| -- | C-7189 |
| -- | BS647.2/L96-3 |
| -- | 070613111406140 |
| -- | 2000-12-21 |
| -- | CH |
| Withdrawn status | Lost status | Damaged status | Not for loan | Home library | Current library | Shelving location | Date acquired | Accession number | Shelving control number | Total Checkouts | Full call number | Barcode | Date last seen | Price effective from | Koha item type |
|---|---|---|---|---|---|---|---|---|---|---|---|---|---|---|---|
| BSOP Library | BSOP Library | Chinese Books (General Circulation) | 12/21/2000 | C-7189 | 127 | BS647.2/L96-3 | 00032308 | 02/23/2013 | 02/23/2013 | Books |
